000 00269nam a2200109Ia 4500
008 220204s9999 xx 000 0 und d
082 _a747
_bWOR
245 0 _aWorld of interiors
260 _aLondon
_bCharles Hammond
_c1984
650 _aInterior decoration
942 _cBK
999 _c38276
_d38276